LEADER 01211cam0-2200337---450 001 990005333120403321 005 20201009144330.0 035 $a000533312 035 $aFED01000533312 035 $a(Aleph)000533312FED01 035 $a000533312 100 $a19990604d1851----km-y0itay50------ba 101 0 $afre 102 $aFR 105 $af-------001yy 200 1 $aNouveau manuel de numismatique ancienne [...]$eouvrage orné d'un atlas renfermant douze planches$fpar J.B.A.A. Barthelemy 210 $aParis$cA la librairie encyclopédique de Roret$d1851 215 $a2 v.$c12 fogli di tavole rip.$d15 cm 225 1 $aManuels-Roret 610 0 $aNumismatica 676 $a737.4 700 1$aBarthélémy,$bAnatole : de$f<1821-1904>$0399447 801 0$aIT$bUNINA$gRICA$2UNIMARC 856 4 $zVisualizza la versione elettronica in Österreichische Nationalbibliothek$uhttp://digital.onb.ac.at/OnbViewer/viewer.faces?doc=ABO_%2BZ257214608$e20201009 901 $aBK 912 $a990005333120403321 952 $aSG 700/A 5 (1)$bARCH. 13668$fFLFBC 952 $aSG 700/A 5 (2)$bARCH. 13668$fFLFBC 959 $aFLFBC 996 $aNouveau manuel de numismatique ancienne$9587642 997 $aUNINA LEADER 01697nas 2200493-a 450 001 996214463003316 005 20240413030804.0 035 $a(CKB)991042742046078 035 $a(CONSER)sf-84007085- 035 $a(DE-599)ZDB2203243-5 035 $a(EXLCZ)99991042742046078 100 $a19820917b19401949 -a- b 101 0 $aspa 181 $ctxt$2rdacontent 182 $cc$2rdamedia 183 $acr$2rdacarrier 200 10$aAnales del Jardín Botánico de Madrid 210 $aMadrid $cEl Jardín$d1941-1950 215 $a1 online resource 300 $aAt head of title, 1940, 1944: Consejo Superior de Investigaciones Cientificas; 1941, Consejo Superior de Investigaciones Cientificas. Instituto José de Acosta; 1946-1948/49, Consejo Superior de Investigaciones Cientificas. Instituto Botanico "Antonio José Cavanilles." 311 08$aPrint version: Anales del Jardín Botánico de Madrid (1940) 0210-6388 (DLC)sf 84007085 (OCoLC)8782715 531 0 $aAn. Jard. Bot. Madr. 606 $aBotany$vPeriodicals 606 $aBotany$zSpain$vPeriodicals 606 $aBotany$2fast$3(OCoLC)fst00836869 606 $aPlantkunde$2gtt 606 $aBotanik$3(DE-588)4007842-5$2gnd 606 $aBotanik$2swd 607 $aSpain$2fast 608 $aZeitschrift. 608 $aPeriodicals.$2fast 615 0$aBotany 615 0$aBotany 615 7$aBotany. 615 17$aPlantkunde. 615 07$aBotanik. 615 07$aBotanik. 676 $a580/.5 712 02$aJardín Botánico de Madrid. 906 $aJOURNAL 912 $a996214463003316 920 $aexl_impl conversion 996 $aAnales del Jardín Botánico de Madrid$9801626 997 $aUNISA